000
003080000a22001450004500
003
MACL
040
_a
MACL
090
_c
32160
_d
32158
100
_a
Ziglar, Zig
245
_a
Steps to the Top
260
_b
Magna Publishing Co Ltd
_c
2000
350
_a
175
650
_a
Generalities
942
_c
BOOK
_k
001/ZIG
999
_c
31833
_d
31833